Responses for Show #3038 - Wednesday, November 12, 1997

1997-B Teen Tournament semifinal game 3.
From DAR Constitution Hall in Washington, D.C.

Contestants

[<< previous game]

Jonathan Lowe, a senior from Kansas City, Missouri

Kristen Stuckey, a senior from Richardson, Texas

Evan Johnson, a senior from Chevy Chase, Maryland

[next game >>]

Jeopardy! Round responses

TV FRIENDS
FRUITS & NUTS
COMPUTERESE
ARLINGTON NATIONAL CEMETERY
RAILROAD TIES
"TRUE" OR "FALSE"
(Alex: One, perhaps both, words will appear in the correct response.)
    $100 8
Beverly Hills, 90210

Evan
    $100 15
(Evan: What are walnuts?)
(Jonathan: What are chestnuts?)

almonds

EvanJonathan
Triple Stumper
    $100 28
dragging

Evan
    $100 30
(Jonathan: What is a wreath?)

a small U.S. flag

EvanJonathan
    $100 19
Lionel

Jonathan
    $100 18
a false alarm

Jonathan
    $200 7
Kramer

Kristen
    $200 14
oranges

Kristen
    $200 27
an extension

Evan
    $200 29
Challenger

Kristen
    $200 20
Disneyland

Jonathan
    $200 17
true blue

Kristen
    $300 6
Joey Tribbiani

Jonathan
    $300 13
pistachio

Kristen
    $300 9
Java

Kristen
    $300 26
Robert F. Kennedy

Evan
    $300 21
(Evan: What is Alabama?)

Confederate Railroad

Evan
Triple Stumper
    $300 16
a false start

Jonathan
    $500 5
Roseanne

Jonathan
    $400 12
prunes

Kristen
    $400 2
server

Evan
    $400 24
(Alex: And we have a minute left in the round.)

the Tomb of the Unknown Soldier

Jonathan
    $400 22
Moscow

Kristen
    $400 3
my true love

Kristen
    $500 4
My So-Called Life

Jonathan
    $500 11
walnuts

Kristen
    $500 1
boot

Evan
    $500 25
Robert E. Lee

Kristen
    $500 23
Promontory Point

Evan
    $500 10
falsetto

Kristen

Scores at the first commercial break (after clue 15):

Evan Kristen Jonathan
$900 $2,800 $1,200

Scores at the end of the Jeopardy! Round:

Evan Kristen Jonathan
$1,800 $4,100 $2,200

Double Jeopardy! Round responses

MOVIE DEBUTS
COLONISTS
MODELS
FAMILY VALUES
YOU'RE ALL WET!
WORD ORIGINS
    $200 12
Alicia Silverstone

Kristen
    $200 29
the Pacific

Evan
    $200 19
Trump

Evan
    $200 26
quality time

Jonathan
    $200 25
the Danube

Kristen
    $200 30
collie

Jonathan
    $400 9
Wayne's World

Evan
    $400 28
chimneys

Kristen
    $1,300 18
Cindy Crawford (the mole on her face)

Kristen
    $400 27
honor them

Evan
    $400 24
[Alex read the clue this way: "The Mexican ports of Guaymas & La Paz lie on this gulf's eastern shore".]
(Evan: What is the Gulf of Mexico?)

the Gulf of California

EvanJonathan
    $400 11
figure skating

Kristen
    $600 8
Liv Tyler

Jonathan
    $600 5
having a debt

Kristen
    $600 17
Andie MacDowell

Kristen
    $600 22
a village

Evan
    $600 23
the Arctic Ocean

Kristen
    $600 10
willy-nilly

Evan
    $800 7
Leslie Nielsen

Kristen
    $2,000 14
(Evan: Who is Samuel Adams?)
(Alex: No, sorry. We were hoping the long hair would lead you to [*].)

Benjamin Franklin

Evan
    $800 16
Naomi Campbell

Jonathan
    $800 21
Education

Kristen
    $800 3
the Bay of Biscay

Evan
    $800 2
vegetarian

Evan
    $1000 6
Antonio Banderas

Kristen
    $1000 15
(Evan: Who is Stuyvesant?)

Peter Minuit

EvanKristen
    $1000 13
Elizabeth Hurley

Evan
    $1000 20
(Alex: We have a minute to go.)

gratitude

Jonathan
    $1000 4
Lake Victoria

Evan
    $1000 1
tweezers

Triple Stumper

Scores at the end of the Double Jeopardy! Round:

Evan Kristen Jonathan
$4,400 $12,000 $5,400
(lock game)

[wagering suggestions for these scores]

Final Jeopardy! Round responses

SHOPPING U.S.A.
EvanWhat is walmart?
$4,400
JonathanWhat is Walmart?
$5,400
KristenWhat is Wal-Mart?
$1,000
Wal-Mart

Final scores:

Evan Kristen Jonathan
$8,800 $13,000 $10,800
3rd place: $5,000 Finalist 2nd place: $5,000

Game dynamics:

Coryat scores:

Evan Kristen Jonathan
$6,400 $11,100 $5,300
18 R,
5 W
(including 1 DD)
24 R
(including 1 DD),
0 W
14 R
(including 1 DD),
2 W

Combined Coryat: $22,800

[game clues] [game scores] [suggest correction]

Game tape date: 1997-11-02
The J! Archive is created by fans, for fans. Scraping, republication, monetization, and malicious use prohibited; this site may use cookies and collect identifying information. See terms. The Jeopardy! game show and all elements thereof, including but not limited to copyright and trademark thereto, are the property of Jeopardy Productions, Inc. and are protected under law. This website is not affiliated with, sponsored by, or operated by Jeopardy Productions, Inc. Join the discussion at JBoard.tv.